| 000 | 00000nas 2200000za 4500 |
| 001 | 9.502677 |
| 003 | CaOODSP |
| 005 | 20240209132609 |
| 007 | cr ||||||||||| |
| 008 | 150406d20082008xxc|| p o||||f| |0fre|d |
| 040 | |aCaOODSP|bfre |
| 043 | |an-cn--- |
| 086 | 1 |aAC2-3F-PDF |
| 245 | 00|aÉtat des réalisations ..., mise en oeuvre de l'article 41 de la Loi sur les langues officielles. |
| 264 | 1|aMoncton, Nouveau-Brunswick : |bAgence de promotion économique du Canada atlantique |
| 310 | |aAnnuel |
| 362 | 1 |aParaît depuis et ne paraît plus après 2007/2008. |
| 691 | 07|aLangue officielle|2gcpds |
| 691 | 07|aPolitique linguistique|2gcpds |
| 710 | 2 |aAgence de promotion économique du Canada atlantique, |eorganisme de publication. |
| 775 | 08|tStatus report ... for the implementation of Section 41 of the Official Languages Act |w(CaOODSP)9.506281 |